|
|
|
|
| LEADER |
00703cam a2200217 7i4500 |
| 001 |
0000033814 |
| 005 |
20160922090000.0 |
| 007 |
##ta |
| 008 |
160920t20162016-uk eng |
| 022 |
0 |
# |
|a 17492238
|
| 040 |
# |
# |
|a MATR
|
| 090 |
0 |
0 |
|a EGPT 661.804
|b EGY
|
| 245 |
0 |
0 |
|a EGYPT PETROCHEMICALS Report Q3 2016 :
|b includes 5 - year forecast to 2020.
|
| 264 |
# |
4 |
|a ♭2016.
|
| 264 |
# |
1 |
|a London:
|b Business Monitor International,
|c 2016.
|
| 300 |
# |
# |
|a 73 pages:
|b illustrations;
|c 30 cm.
|
| 336 |
# |
# |
|a text
|2 rdacontent
|
| 337 |
# |
# |
|a unmediated
|2 rdamedia
|
| 338 |
# |
# |
|a volume
|2 rdacarrier
|
| 650 |
# |
0 |
|a Petroleum chemicals --
|x Markets --
|z Egypt
|
| 999 |
|
|
|a B000037997
|b Book
|c Countries
|e Business Information Centre
|